Statistics for Football clubs: guess the city/town (3)

Click here to take the quiz!

General Stats

  • This quiz has been taken 23 times
    (9 since last reset)
  • The average score is 11 of 20

Answer Stats

Football teamCity% Correct
LinfieldBelfast
83%
BenficaLisbon
83%
EvertonLiverpool
83%
JuventusTurin
83%
Royal Thai ArmyBangkok
67%
Crvena zvezdaBelgrade
67%
St Patrick's AthleticDublin
67%
MKS CracoviaKrakow
67%
Cruz AzulMexico City
67%
Whitecaps FC AcademyVancouver
67%
CrusadersBelfast
50%
MortonGreenock
50%
Real MallorcaPalma
50%
SV WienerbergVienna
50%
Tranmere RoversBirkenhead
33%
Cape Umoya UnitedCape Town
33%
ClydeHamilton
33%
PlatenseMontevideo
33%
Port ValeStoke
33%
KP Chemik PolicePolice
17%

Score Distribution

Percentile by Number Answered

Percent of People with Each Score

Your Score History

You have not taken this quiz since the last reset